000 01873nam a2200409 i 4500
001 000044451
003 DO-SdBNP
005 20250307093321.0
007 ta
008 140701s2013 dr d 000 0 spa d
020 _a9789945443998 (v. 193)
020 _a9789945443622 (serie)
040 _aDO-SdBNP
_bspa
_cBNPHU
_erda
082 4 _a330.97293
_bC744n, 2012
_222
111 2 _aConcurso Biblioteca Juan Pablo Duarte
_96999
_d(2012 :
_cSanto Domingo)
245 1 0 _aNueva literatura económica dominicana :
_bpremios del concurso de economía Biblioteca "Juan Pablo Duarte", 2012 /
_cedición, José Alcántara Almánzar, Elvis Soto.
264 1 _aSanto Domingo :
_bBanco Central de la República Dominicana,
_c2013.
300 _axxii, 241 páginas :
_bilustraciones, diagramas ;
_c23 cm.
336 _2rdacontent
_atexto
_btxt
337 _2rdamedIa
_asin mediación
_bn
338 _2rdacarrier
_avolumen
_bnc
490 1 _aBanco Central de la República Dominicana ;
_v193
490 1 _aNueva literatura económica ;
_v16
586 _aPremios de la biblioteca Juan Pablo Duarte 2012
590 _aInventariado, 2018/ YL
650 4 _aPolítica fiscal
_zRepública Dominicana
_vCongresos, conferencias, etc.
_946037
_2Lemb
650 4 _aSalarios
_zRepública Dominicana
_vCongresos, conferencias, etc.
_972459
650 4 _aCiclos económicos
_vCongresos, conferencias, etc.
_972460
650 4 _aDesarrollo económico
_vCongresos, conferencias, etc.
_912048
_2Lemb
700 1 _aAlcántara Almánzar, José
_d1946-
_eedición
_97018
700 1 _aSoto, Elvis,
_eedición
_912338
710 2 _aBanco Central de la República Dominicana
_983405
_bDepartamento Cultural
830 0 _aBanco Central de la República Dominicana ;
_n193
_pNueva literatura económica ; 16
_984379
910 _aValidado. Control de calidad MFF
942 _2ddc
_cLBS1
956 _aVMateo
999 _c43940
_d43940